ბათუმის შოთა რუსთაველის სახელმწიფო უნივერსიტეტის ბიბლიოთეკა

დიდებული მესხეთი / (ბიბ.ჩანაწერი № 56419)

000 -ლიდერი
ფიქსირებული სიგრძის საკონტროლო ველი 01134nam a2200265Ia 4500
001 - საკონტროლო ნომერი
საკონტროლო ველი 23532
003 - საკონტროლო ნომრის იდენტიფიკატორი
საკონტროლო ველი GE_BSU
005 - ბოლო ოპერაციის თარიღი და დრო
საკონტროლო ველი 20260219174530.0
008 - ფიქსირებული სიგრძის მონაცემთა ელემენტები - ზოგადი ინფორმაცია
ფიქსირებული სიგრძის საკონტროლო ველი 181216s1991||||ge |||||||||||||| ||geo||
040 ## - კატალოგიზაციის წყარო
Transcribing agency GE_BSU
041 ## - ენის კოდი
Language code of text/sound track or separate title geo
080 ## - უნივერსალური ათობითი კლასიფიკაციის ინდექსი
Universal Decimal Classification number 94(479.222.5) ფ-94
100 ## - მთავარი ჩანაწერი - პიროვნების სახელი
Personal name ფრონელი, ალექსანრე. (ა. ყიფშიძე)
9 (RLIN) 26930
245 ## - ცნობა სათაურის შესახებ
Title დიდებული მესხეთი /
Statement of responsibility, etc ა. ფრონელი (ა. ყიფშიძე) ; რედ. : ზ. სარჯველაძე ; მხატვ. : გ. წერეთელი.
264 ## - წარმოების, გამოცემის, დისტრიბუციის და სხვა ცნობები
გამოცემის, წარმოების, დისტრიბუციის... ადგილი თბილისი :
გამოცემის, წარმოების, დისტრიბუციის... სახელწოდება მარიხი,
გამოცემის, წარმოების, დისტრიბუციის... თარიღი 1991.
300 ## - ფიზიკური აღწერა
Extent 208 გვ. : ილ. ;
Dimensions 17 სმ.
500 ## - ზოგადი შენიშვნა
General note შენიშვნები: გვ. 199-207
600 ## - SUBJECT ADDED ENTRY--PERSONAL NAME
Personal name
9 (RLIN) 26931
653 ## - INDEX TERM--UNCONTROLLED
Uncontrolled term დიდებული მესხეთი
653 ## - INDEX TERM--UNCONTROLLED
Uncontrolled term მესხეთის ისტორია
700 ## - ADDED ENTRY--PERSONAL NAME
Personal name სარჯველაძე, ზ.
Relator term რედაქტორი
9 (RLIN) 7542
700 ## - ADDED ENTRY--PERSONAL NAME
Personal name წერეთელი, გ.
Relator term მხატვარი
9 (RLIN) 26932
942 ## - ADDED ENTRY ELEMENTS (KOHA)
Koha item type წიგნი
Source of classification or shelving scheme
ეგზემპლარები
ჩამოწერის სტატუსი დაკარგული ეგზემპლარის სტატუსი კლასიფიკაციის წყარო ან თაროზე გაწყობის სქემა დაზიანების სტატუსი არ გაიცემა მუდმივი მდებარეობა (დაცვის ადგილი) ამჟამინდელი ადგილსამყოფელი თაროზე განთავსების ადგილი შეძენის თარიღი ღირებულება, შესყიდვის ნორმალური ფასი სრული შენახვის შიფრი შტრიხკოდი ბოლო ოპერაციის თარიღი ეგზემპლარის მიმდევრობითი ნომერი (კეტერი?) ფასის ძალაში შესვლის თარიღი ეგზემპლარის სახეობა საჯარო შენიშვნა
          ბათუმის შოთა რუსთაველის სახელმწიფო უნივერსიტეტის მთავარი ბიბლიოთეკა ბათუმის შოთა რუსთაველის სახელმწიფო უნივერსიტეტის მთავარი ბიბლიოთეკა წიგნსაცავი 2018-12-17 4.00 94(479.222.5) ფ-94 28440 2018-12-17 28440 2018-12-17 წიგნი 4.00 ₾.